书目信息 |
| 题名: |
容斋随笔
|
|
| 作者: | 洪迈 著 ;乔沛芸 主编 | |
| 分册: | ||
| 出版信息: | 长春 吉林文史出版社 2018.9 |
|
| 页数: | 13, 526页 | |
| 开本: | 23cm | |
| 丛书名: | 中国文化文学经典文丛 | |
| 单 册: | ||
| 中图分类: | Z429.442 | |
| 科图分类: | ||
| 主题词: | 笔记--bi ji--作品集--中国--南宋 | |
| 电子资源: | ||
| ISBN: | 978-7-5472-5347-2 | |
| 000 | 01106oam2 2200277 450 | |
| 001 | 2151097862 | |
| 005 | 20211018173724.0 | |
| 010 | @a978-7-5472-5347-2@b精装@dCNY50.00 | |
| 100 | @a20190701d2018 em y0chiy0120 ea | |
| 101 | 0 | @achi |
| 102 | @aCN@b220000 | |
| 105 | @aa z 000yy | |
| 106 | @ar | |
| 200 | 1 | @a容斋随笔@Arong zhai sui bi@f(宋) 洪迈著@g乔沛芸主编 |
| 210 | @a长春@c吉林文史出版社@d2018.9 | |
| 215 | @a13, 526页@c图@d23cm | |
| 225 | 2 | @a中国文化文学经典文丛@Azhong guo wen hua wen xue jing dian wen cong |
| 330 | @a《容斋随笔》是南宋文学家洪迈数十年磨一剑著成的一部史料笔记, 与沈括的《梦溪笔谈》、王应麟的《困学纪闻》并重于世。该书内容博大精深, 包罗经史百家、文学艺术、民俗风物、天文地理等诸方面, 融资料性、学术性、知识性和趣味性为一体, 向来为治国者所珍爱。 | |
| 461 | 0 | @12001 @a中国文化文学经典文丛 |
| 605 | @a《容斋随笔》@Arong zhai sui bi@x译文 | |
| 606 | 0 | @a笔记@Abi ji@x作品集@y中国@z南宋 |
| 690 | @aZ429.442@v5 | |
| 701 | 0 | @a洪迈@Ahong mai@f宋代@4著 |
| 702 | 0 | @a乔沛芸@Aqiao pei yun@4主编 |
| 801 | 0 | @aCN@b百万庄@c20211016 |
| 905 | @b1309648-651@dZ429.442@e83@f4 | |
| 容斋随笔/(宋) 洪迈著/乔沛芸主编.-长春:吉林文史出版社,2018.9 |
| 13, 526页:图;23cm.-(中国文化文学经典文丛) |
| ISBN 978-7-5472-5347-2(精装):CNY50.00 |
| 《容斋随笔》是南宋文学家洪迈数十年磨一剑著成的一部史料笔记, 与沈括的《梦溪笔谈》、王应麟的《困学纪闻》并重于世。该书内容博大精深, 包罗经史百家、文学艺术、民俗风物、天文地理等诸方面, 融资料性、学术性、知识性和趣味性为一体, 向来为治国者所珍爱。 |
| ● |
| 相关链接 |
|
|
|
|
正题名:容斋随笔
索取号:Z429.442/83
 
预约/预借
| 序号 | 登录号 | 条形码 | 馆藏地/架位号 | 状态 | 备注 |
| 1 | 1309648 | 213096488 | 第二样本阅览室/ [索取号:Z429.442/83] | 在馆 | |
| 2 | 1309649 | 213096497 | 第三借阅区/ [索取号:Z429.442/83] | 在馆 | |
| 3 | 1309650 | 213096503 | 第三借阅区/ [索取号:Z429.442/83] | 在馆 | |
| 4 | 1309651 | 213096512 | 第三借阅区/ [索取号:Z429.442/83] | 在馆 |